000 00816nam a2200253 a 4500
001
003 DO-SdBNP
005 20220216094625.0
008 100824s2012 dr c 000 0 spa d
020 _a9789945489590
040 _aDO-SdBNP
_bspa
_cBPMSU
082 _a928.6
_bM678S 2012
_222
100 1 _aSantos Grimaldi, Rocío Eleanor de los
245 1 0 _aGabriela Mistral :
_bsu vida /
_cRocío Eleanor de los Santos Grimaldi
260 _aSanto Domingo :
_bSantuario,
_c2012.
300 _a58 p. :
_bretrs. ;
_c23 cm.
500 _aIncluye datos biográficos
504 _aBibliografía : p. 57-58
590 _6Inventariado, 2022/VM
600 1 4 _aMistral, Grabiela
_d1889-1957
_xCrítica e interpretación.
650 4 _aLiteratura chilena
_xHistoria y crítica.
910 _aVMateo V.
942 _2ddc
_cBK
999 _c14035
_d14035